000 00884nas a2200277 4500
001 BR2012009844
003 BR-BrBNA
005 20231205121734.0
007 ta
008 230509b bl.|||p| |||| 00| 00por d
040 _aBR-BrBNA
_bpor
_cBiblioteca Nacional de Agricultura
041 _a(En)
072 _aP01
100 1 _aSilva, S.S. da
100 1 _aReis, R.P.
100 1 _aFerreira, P.A.
245 1 _aNature value: the evolution of this concept
650 _aPRESERVAÇÃO DA NATUREZA
650 _aIMPACTO AMBIENTAL
650 _aDESENVOLVIMENTO SUSTENTÁVEL
650 _aRECURSO NATURAL
773 0 _tCiência e Agrotecnologia (Brazil)
_xISSN 1413-7054
_g(Jan-Feb 2012), v.36(1) p. 9-15
_wBR2012009844
856 4 0 _uhttp://www.cloud.editora.ufla.br/revistas/cienagro/pdf/36-1-2012_01.pdf
909 _a202311
_bLúcia
_c55
_dLúcia Elande
942 _2AGRIS
_n0
_cANA
999 _c224997
_d224997